Normal view
MARC view
- Veziroglu, T. Nejat
Entry Personal Name
001 - CONTROL NUMBER
- control field: 110531
003 - CONTROL NUMBER IDENTIFIER
- control field: NUST
005 - DATE AND TIME OF LATEST TRANSACTION
- control field: 20230320085000.0
008 - FIXED-LENGTH DATA ELEMENTS
- fixed length control field: 230320|| aca||aabn | a|a d
040 ## - CATALOGING SOURCE
- Original cataloging agency: NUST
- Transcribing agency: NUST
100 ## - HEADING--PERSONAL NAME
- Personal name: Veziroglu, T. Nejat
670 ## - SOURCE DATA FOUND
- Source citation: Work cat.: (NUST)183560: Solar energy and conservation :, c1980.
